Industrial paint application (Record no. 76500)

MARC details
000 -LEADER
fixed length control field 00573nam a2200133 a 4500
008 - FIXED-LENGTH DATA ELEMENTS--GENERAL INFORMATION
fixed length control field 120416s9999 xx |||||||||||||| || u
050 ## - LIBRARY OF CONGRESS CALL NUMBER
Classification number TT 305 Tat
100 ## - MAIN ENTRY--PERSONAL NAME
Personal name Tatton, W. H
245 10 - TITLE STATEMENT
Title Industrial paint application
250 ## - EDITION STATEMENT
Edition statement 2nd edition
350 ## -
-- 0.00
995 ## -
-- ANNEX COLLECTION (Main Library)
-- 0.00
-- 017900
-- CBU-MAIN LIBRARY (Kitwe)
-- 1
-- 3.50
-- TT 305 Tat
-- AVAILABLE
-- 017900
-- Annex Low-Usage Collection
995 ## -
-- MAIN LIBRARY OPEN ACCESS
-- 0.00
-- 017901
-- CBU-MAIN LIBRARY (Kitwe)
-- 2
-- 3.50
-- TT 305 Tat
-- AVAILABLE
-- 017901
-- Main Library Open Access Collection
999 ## -
-- 76500
-- 76500
Holdings
Withdrawn status Lost status Source of classification or shelving scheme Damaged status Not for loan Permanent Location Current Location Shelving location Date acquired Total Checkouts Full call number Barcode Date last seen Copy number Price effective from Koha item type
          CBU-MAIN LIBRARY, KITWE. CBU-MAIN LIBRARY, KITWE.   04/25/2023   TT 305 Tat 017900 04/25/2023 1 04/25/2023 MONOGRAPH
          CBU-MAIN LIBRARY, KITWE. CBU-MAIN LIBRARY, KITWE.   04/25/2023   TT 305 Tat 017901 04/25/2023 2 04/25/2023 MONOGRAPH